Como crear buenos hábitos, seguridad y aptitud física en el niño / (Registro nro. 25614)
[ vista simple ]
| 000 -CABECERA | |
|---|---|
| campo de control de longitud fija | 00951cam a2200193 a 4500 |
| 001 - NÚMERO DE CONTROL | |
| campo de control | 000026122 |
| 005 - FECHA Y HORA DE LA ÚLTIMA TRANSACCIÓN | |
| campo de control | 20200930024324.0 |
| 008 - DATOS DE LONGITUD FIJA--INFORMACIÓN GENERAL | |
| campo de control de longitud fija | 810327s1969 ag 000 | spa d |
| 040 ## - FUENTE DE LA CATALOGACIÓN | |
| Centro catalogador/agencia de origen | DO-SdBNP |
| Lengua de catalogación | spa |
| Centro/agencia transcriptor | BNPHU |
| 082 ## - NÚMERO DE LA CLASIFICACIÓN DECIMAL DEWEY | |
| Número de clasificación | xxxx |
| Número de documento/Ítem | D926c |
| 100 1# - ENTRADA PRINCIPAL--NOMBRE DE PERSONA | |
| Nombre de persona | Dunstan, Irene Z. |
| 9 (RLIN) | 53080 |
| 245 10 - MENCIÓN DE TÍTULO | |
| Título | Como crear buenos hábitos, seguridad y aptitud física en el niño / |
| Mención de responsabilidad, etc. | Irene Z. Dunstan, Lonnie Gilliland, Bernard W. Dolat. |
| 260 ## - PUBLICACIÓN, DISTRIBUCIÓN, ETC. | |
| Lugar de publicación, distribución, etc. | Buenos Aires : |
| Nombre del editor, distribuidor, etc. | Centro Regional de Ayuda Técnica : |
| -- | Agencia para el Desarrollo Internacional , |
| Fecha de publicación, distribución, etc. | 1969. |
| 300 ## - DESCRIPCIÓN FÍSICA | |
| Extensión | 161 p. ; |
| Dimensiones | 18 cm. |
| 500 ## - NOTA GENERAL | |
| Nota general | Bibliografía : p. 153-161 |
| 505 1# - NOTA DE CONTENIDO CON FORMATO | |
| Información miscelánea | Cap 1 -- |
| Título | Desarrollo de buen hábitos en el jardín de infante / |
| Mención de responsabilidad | Irene Z. Dunstan -- |
| Información miscelánea | Cap. 2 -- |
| Título | La seguridad en la escuela, el hogar y la comunidad / |
| Mención de responsabilidad | Lonnie Gilliland -- |
| Información miscelánea | Cap. 3 -- |
| Título | Aspectos fundamentales de la aptitud física / |
| Mención de responsabilidad | Bernard W. Dolat. |
| 700 1# - PUNTO DE ACCESO ADICIONAL--NOMBRE DE PERSONA | |
| Nombre de persona | Dolat, Bernard W. |
| 9 (RLIN) | 53081 |
| 700 1# - PUNTO DE ACCESO ADICIONAL--NOMBRE DE PERSONA | |
| Nombre de persona | Gilliland, Lonnie, |
| 9 (RLIN) | 53082 |
| Estado de retiro | Estado de pérdida | Restricciones de uso | No para préstamo | Código de colección | Localización permanente | Ubicación/localización actual | Ubicación en estantería | Fecha de adquisición | Número de inventario | Total de préstamos | Signatura topográfica completa | Código de barras | Fecha visto por última vez | Precio válido a partir de | Tipo de ítem Koha |
|---|---|---|---|---|---|---|---|---|---|---|---|---|---|---|---|
| Excluido de préstamo | Monografías: Libros y Folletos | General | General | En catalogación | 01.03.2011 | LF1 | xxxx D926c | 26122-10 | 25.06.2020 | 25.06.2020 | No se presta | ||||
| Monografías: Libros y Folletos | General | General | Orden iniciada | 02.06.2017 | LF1 | xxxx D926c | 26122-20 | 25.06.2020 | 25.06.2020 | No se presta |
